<?xml version="1.0" encoding="UTF-8"?>
<record
    xmlns:xsi="http://www.w3.org/2001/XMLSchema-instance"
    xsi:schemaLocation="http://www.loc.gov/MARC21/slim http://www.loc.gov/standards/marcxml/schema/MARC21slim.xsd"
    xmlns="http://www.loc.gov/MARC21/slim">

  <leader>00976nas a2200229 454500</leader>
  <controlfield tag="001">19328</controlfield>
  <controlfield tag="005">20260407193505.0</controlfield>
  <controlfield tag="008">260407s1999####ag###########|||spa#d</controlfield>
  <controlfield tag="003">AR-UNSa-BCEJYS</controlfield>
  <datafield tag="040" ind1=" " ind2=" ">
    <subfield code="a">AR-UNSa-BCEJYS</subfield>
    <subfield code="b">spa</subfield>
    <subfield code="c">AR-UNSa-BCEJYS</subfield>
  </datafield>
  <datafield tag="080" ind1=" " ind2=" ">
    <subfield code="a">338.43</subfield>
    <subfield code="x">Agricultura como una rama de la econom&#xED;a. Econom&#xED;a de los productos alimenticios</subfield>
  </datafield>
  <datafield tag="245" ind1="1" ind2="0">
    <subfield code="a">Lecturas</subfield>
  </datafield>
  <datafield tag="264" ind1=" " ind2="1">
    <subfield code="a">Rosario :</subfield>
    <subfield code="b">Ediciones Capacitaci&#xF3;n &amp; Desarrollo de Mercados</subfield>
    <subfield code="c">1999</subfield>
  </datafield>
  <datafield tag="310" ind1=" " ind2=" ">
    <subfield code="a">Frecuencia: Anual
</subfield>
  </datafield>
  <datafield tag="505" ind1=" " ind2=" ">
    <subfield code="a">Publicaci&#xF3;n anual del Departamento de Capacitaci&#xF3;n y Desarrollo de Mercados que corona el esfuerzo realizado por los becados del Programa de Formaci&#xF3;n. </subfield>
  </datafield>
  <datafield tag="942" ind1=" " ind2=" ">
    <subfield code="c">SER</subfield>
  </datafield>
  <datafield tag="590" ind1=" " ind2=" ">
    <subfield code="a">niveau_biblio:s niveau_hierar:1</subfield>
  </datafield>
  <datafield tag="100" ind1="1" ind2=" ">
    <subfield code="a">Bolsa de Comercio de Rosario</subfield>
  </datafield>
  <datafield tag="650" ind1=" " ind2=" ">
    <subfield code="a">Pol&#xED;tica comercial</subfield>
  </datafield>
  <datafield tag="650" ind1=" " ind2=" ">
    <subfield code="a">Mercado financiero</subfield>
  </datafield>
  <datafield tag="856" ind1="4" ind2="1">
    <subfield code="u">https://biblioeco.unsa.edu.ar/pmb/images/revistas/Bolsa de Comercio de Rosario(lecturas14).jpg</subfield>
    <subfield code="y">Imagen de portada</subfield>
    <subfield code="q">image/jpeg</subfield>
  </datafield>
  <datafield tag="999" ind1=" " ind2=" ">
    <subfield code="c">8519</subfield>
    <subfield code="d">8519</subfield>
  </datafield>
  <datafield tag="952" ind1=" " ind2=" ">
    <subfield code="0">0</subfield>
    <subfield code="1">0</subfield>
    <subfield code="4">0</subfield>
    <subfield code="7">0</subfield>
    <subfield code="a">BCEJYS</subfield>
    <subfield code="b">BCEJYS</subfield>
    <subfield code="c">17</subfield>
    <subfield code="d">2017-01-01</subfield>
    <subfield code="h">N&#xBA; 20 - ene. 2017</subfield>
    <subfield code="l">0</subfield>
    <subfield code="o">H338.43 LEC 20</subfield>
    <subfield code="p">R21704</subfield>
    <subfield code="r">2026-04-10 16:07:53</subfield>
    <subfield code="w">2026-04-10</subfield>
    <subfield code="y">RN</subfield>
  </datafield>
  <datafield tag="952" ind1=" " ind2=" ">
    <subfield code="0">0</subfield>
    <subfield code="1">0</subfield>
    <subfield code="4">0</subfield>
    <subfield code="7">0</subfield>
    <subfield code="a">BCEJYS</subfield>
    <subfield code="b">BCEJYS</subfield>
    <subfield code="c">17</subfield>
    <subfield code="d">2016-01-01</subfield>
    <subfield code="h">N&#xBA; 19 - ene. 2016</subfield>
    <subfield code="l">0</subfield>
    <subfield code="o">H338.43 LEC 19</subfield>
    <subfield code="p">R20767</subfield>
    <subfield code="r">2026-04-10 16:07:53</subfield>
    <subfield code="w">2026-04-10</subfield>
    <subfield code="y">RN</subfield>
  </datafield>
  <datafield tag="952" ind1=" " ind2=" ">
    <subfield code="0">0</subfield>
    <subfield code="1">0</subfield>
    <subfield code="4">0</subfield>
    <subfield code="7">0</subfield>
    <subfield code="a">BCEJYS</subfield>
    <subfield code="b">BCEJYS</subfield>
    <subfield code="c">17</subfield>
    <subfield code="d">2015-01-01</subfield>
    <subfield code="h">N&#xBA; 18 - ene. 2015</subfield>
    <subfield code="l">0</subfield>
    <subfield code="o">H338.43 LEC 18</subfield>
    <subfield code="p">R16437</subfield>
    <subfield code="r">2026-04-10 16:07:53</subfield>
    <subfield code="w">2026-04-10</subfield>
    <subfield code="y">RN</subfield>
  </datafield>
  <datafield tag="952" ind1=" " ind2=" ">
    <subfield code="0">0</subfield>
    <subfield code="1">0</subfield>
    <subfield code="4">0</subfield>
    <subfield code="7">0</subfield>
    <subfield code="a">BCEJYS</subfield>
    <subfield code="b">BCEJYS</subfield>
    <subfield code="c">17</subfield>
    <subfield code="d">2014-05-06</subfield>
    <subfield code="h">N&#xBA; 17 - mayo 2014</subfield>
    <subfield code="l">0</subfield>
    <subfield code="o">H338.43 LEC 17</subfield>
    <subfield code="p">R16772</subfield>
    <subfield code="r">2026-04-10 16:07:53</subfield>
    <subfield code="w">2026-04-10</subfield>
    <subfield code="y">RN</subfield>
  </datafield>
  <datafield tag="952" ind1=" " ind2=" ">
    <subfield code="0">0</subfield>
    <subfield code="1">0</subfield>
    <subfield code="4">0</subfield>
    <subfield code="7">0</subfield>
    <subfield code="a">BCEJYS</subfield>
    <subfield code="b">BCEJYS</subfield>
    <subfield code="c">17</subfield>
    <subfield code="d">2012-11-01</subfield>
    <subfield code="h">N&#xBA; 16 - nov. 2012</subfield>
    <subfield code="l">0</subfield>
    <subfield code="o">H338.43 LEC 16</subfield>
    <subfield code="p">R16771</subfield>
    <subfield code="r">2026-04-10 16:07:53</subfield>
    <subfield code="w">2026-04-10</subfield>
    <subfield code="y">RN</subfield>
  </datafield>
  <datafield tag="952" ind1=" " ind2=" ">
    <subfield code="0">0</subfield>
    <subfield code="1">0</subfield>
    <subfield code="4">0</subfield>
    <subfield code="7">0</subfield>
    <subfield code="a">BCEJYS</subfield>
    <subfield code="b">BCEJYS</subfield>
    <subfield code="c">17</subfield>
    <subfield code="d">2012-03-01</subfield>
    <subfield code="h">N&#xBA; 15 - mar. 2012</subfield>
    <subfield code="l">0</subfield>
    <subfield code="o">H338.43 LEC 15</subfield>
    <subfield code="p">R16770</subfield>
    <subfield code="r">2026-04-10 16:07:53</subfield>
    <subfield code="w">2026-04-10</subfield>
    <subfield code="y">RN</subfield>
  </datafield>
  <datafield tag="952" ind1=" " ind2=" ">
    <subfield code="0">0</subfield>
    <subfield code="1">0</subfield>
    <subfield code="4">0</subfield>
    <subfield code="7">0</subfield>
    <subfield code="a">BCEJYS</subfield>
    <subfield code="b">BCEJYS</subfield>
    <subfield code="c">17</subfield>
    <subfield code="d">2010-01-01</subfield>
    <subfield code="h">N&#xBA; 14 - ene. 2010</subfield>
    <subfield code="l">0</subfield>
    <subfield code="o">H338.43 LEC 14</subfield>
    <subfield code="p">R08922</subfield>
    <subfield code="r">2026-04-10 16:07:53</subfield>
    <subfield code="w">2026-04-10</subfield>
    <subfield code="y">RN</subfield>
  </datafield>
  <datafield tag="952" ind1=" " ind2=" ">
    <subfield code="0">0</subfield>
    <subfield code="1">0</subfield>
    <subfield code="4">0</subfield>
    <subfield code="7">0</subfield>
    <subfield code="a">BCEJYS</subfield>
    <subfield code="b">BCEJYS</subfield>
    <subfield code="c">17</subfield>
    <subfield code="d">2009-01-01</subfield>
    <subfield code="h">N&#xBA; 13 - ene. 2009</subfield>
    <subfield code="l">0</subfield>
    <subfield code="o">H338.43 LEC 13</subfield>
    <subfield code="p">R08921</subfield>
    <subfield code="r">2026-04-10 16:07:53</subfield>
    <subfield code="w">2026-04-10</subfield>
    <subfield code="y">RN</subfield>
  </datafield>
  <datafield tag="952" ind1=" " ind2=" ">
    <subfield code="0">0</subfield>
    <subfield code="1">0</subfield>
    <subfield code="4">0</subfield>
    <subfield code="7">0</subfield>
    <subfield code="a">BCEJYS</subfield>
    <subfield code="b">BCEJYS</subfield>
    <subfield code="c">17</subfield>
    <subfield code="d">2008-06-01</subfield>
    <subfield code="h">N&#xBA; 12 - jun. 2008</subfield>
    <subfield code="l">0</subfield>
    <subfield code="o">H338.43 LEC 12</subfield>
    <subfield code="p">R08920</subfield>
    <subfield code="r">2026-04-10 16:07:53</subfield>
    <subfield code="w">2026-04-10</subfield>
    <subfield code="y">RN</subfield>
  </datafield>
  <datafield tag="952" ind1=" " ind2=" ">
    <subfield code="0">0</subfield>
    <subfield code="1">0</subfield>
    <subfield code="4">0</subfield>
    <subfield code="7">0</subfield>
    <subfield code="a">BCEJYS</subfield>
    <subfield code="b">BCEJYS</subfield>
    <subfield code="c">17</subfield>
    <subfield code="d">2008-01-01</subfield>
    <subfield code="h">N&#xBA; 11 - ene. 2008</subfield>
    <subfield code="l">0</subfield>
    <subfield code="o">H338.43 LEC 11</subfield>
    <subfield code="p">R08919</subfield>
    <subfield code="r">2026-04-10 16:07:53</subfield>
    <subfield code="w">2026-04-10</subfield>
    <subfield code="y">RN</subfield>
  </datafield>
  <datafield tag="952" ind1=" " ind2=" ">
    <subfield code="0">0</subfield>
    <subfield code="1">0</subfield>
    <subfield code="4">0</subfield>
    <subfield code="7">0</subfield>
    <subfield code="a">BCEJYS</subfield>
    <subfield code="b">BCEJYS</subfield>
    <subfield code="c">17</subfield>
    <subfield code="d">2006-01-01</subfield>
    <subfield code="h">N&#xBA; 10 - ene. 2006</subfield>
    <subfield code="l">0</subfield>
    <subfield code="o">H338.43 LEC 10</subfield>
    <subfield code="p">R08918</subfield>
    <subfield code="r">2026-04-10 16:07:53</subfield>
    <subfield code="w">2026-04-10</subfield>
    <subfield code="y">RN</subfield>
  </datafield>
  <datafield tag="952" ind1=" " ind2=" ">
    <subfield code="0">0</subfield>
    <subfield code="1">0</subfield>
    <subfield code="4">0</subfield>
    <subfield code="7">0</subfield>
    <subfield code="a">BCEJYS</subfield>
    <subfield code="b">BCEJYS</subfield>
    <subfield code="c">17</subfield>
    <subfield code="d">2005-01-01</subfield>
    <subfield code="h">N&#xBA; 9 - ene. 2005</subfield>
    <subfield code="l">0</subfield>
    <subfield code="o">H338.43 LEC 9</subfield>
    <subfield code="p">R08917</subfield>
    <subfield code="r">2026-04-10 16:07:53</subfield>
    <subfield code="w">2026-04-10</subfield>
    <subfield code="y">RN</subfield>
  </datafield>
  <datafield tag="952" ind1=" " ind2=" ">
    <subfield code="0">0</subfield>
    <subfield code="1">0</subfield>
    <subfield code="4">0</subfield>
    <subfield code="7">0</subfield>
    <subfield code="a">BCEJYS</subfield>
    <subfield code="b">BCEJYS</subfield>
    <subfield code="c">17</subfield>
    <subfield code="d">2004-01-01</subfield>
    <subfield code="h">N&#xBA; 8 - ene. 2004</subfield>
    <subfield code="l">0</subfield>
    <subfield code="o">H338.43 LEC 8</subfield>
    <subfield code="p">R08916</subfield>
    <subfield code="r">2026-04-10 16:07:53</subfield>
    <subfield code="w">2026-04-10</subfield>
    <subfield code="y">RN</subfield>
  </datafield>
  <datafield tag="952" ind1=" " ind2=" ">
    <subfield code="0">0</subfield>
    <subfield code="1">0</subfield>
    <subfield code="4">0</subfield>
    <subfield code="7">0</subfield>
    <subfield code="a">BCEJYS</subfield>
    <subfield code="b">BCEJYS</subfield>
    <subfield code="c">17</subfield>
    <subfield code="d">2003-06-01</subfield>
    <subfield code="h">N&#xBA; 7 - jun. 2003</subfield>
    <subfield code="l">0</subfield>
    <subfield code="o">H338.43 LEC 7</subfield>
    <subfield code="p">R08915</subfield>
    <subfield code="r">2026-04-10 16:07:53</subfield>
    <subfield code="w">2026-04-10</subfield>
    <subfield code="y">RN</subfield>
  </datafield>
  <datafield tag="952" ind1=" " ind2=" ">
    <subfield code="0">0</subfield>
    <subfield code="1">0</subfield>
    <subfield code="4">0</subfield>
    <subfield code="7">0</subfield>
    <subfield code="a">BCEJYS</subfield>
    <subfield code="b">BCEJYS</subfield>
    <subfield code="c">17</subfield>
    <subfield code="d">2003-01-01</subfield>
    <subfield code="h">N&#xBA; 6 - ene. 2003</subfield>
    <subfield code="l">0</subfield>
    <subfield code="o">H338.43 LEC 6</subfield>
    <subfield code="p">R08914</subfield>
    <subfield code="r">2026-04-10 16:07:53</subfield>
    <subfield code="w">2026-04-10</subfield>
    <subfield code="y">RN</subfield>
  </datafield>
  <datafield tag="952" ind1=" " ind2=" ">
    <subfield code="0">0</subfield>
    <subfield code="1">0</subfield>
    <subfield code="4">0</subfield>
    <subfield code="7">0</subfield>
    <subfield code="a">BCEJYS</subfield>
    <subfield code="b">BCEJYS</subfield>
    <subfield code="c">17</subfield>
    <subfield code="d">2000-12-01</subfield>
    <subfield code="h">N&#xBA; 5 - dic. 2000</subfield>
    <subfield code="l">0</subfield>
    <subfield code="o">H338.43 LEC 5</subfield>
    <subfield code="p">R09041</subfield>
    <subfield code="r">2026-04-10 16:07:53</subfield>
    <subfield code="w">2026-04-10</subfield>
    <subfield code="y">RN</subfield>
  </datafield>
  <datafield tag="952" ind1=" " ind2=" ">
    <subfield code="0">0</subfield>
    <subfield code="1">0</subfield>
    <subfield code="4">0</subfield>
    <subfield code="7">0</subfield>
    <subfield code="a">BCEJYS</subfield>
    <subfield code="b">BCEJYS</subfield>
    <subfield code="c">17</subfield>
    <subfield code="d">2000-06-01</subfield>
    <subfield code="h">N&#xBA; 4 - jun. 2000</subfield>
    <subfield code="l">0</subfield>
    <subfield code="o">H338.43 LEC 4</subfield>
    <subfield code="p">R09040</subfield>
    <subfield code="r">2026-04-10 16:07:53</subfield>
    <subfield code="w">2026-04-10</subfield>
    <subfield code="y">RN</subfield>
  </datafield>
  <datafield tag="952" ind1=" " ind2=" ">
    <subfield code="0">0</subfield>
    <subfield code="1">0</subfield>
    <subfield code="4">0</subfield>
    <subfield code="7">0</subfield>
    <subfield code="a">BCEJYS</subfield>
    <subfield code="b">BCEJYS</subfield>
    <subfield code="c">17</subfield>
    <subfield code="d">2000-01-01</subfield>
    <subfield code="h">N&#xBA; 3 - ene. 2000</subfield>
    <subfield code="l">0</subfield>
    <subfield code="o">H338.43 LEC 3</subfield>
    <subfield code="p">R01610</subfield>
    <subfield code="r">2026-04-10 16:07:53</subfield>
    <subfield code="w">2026-04-10</subfield>
    <subfield code="y">RN</subfield>
  </datafield>
  <datafield tag="952" ind1=" " ind2=" ">
    <subfield code="0">0</subfield>
    <subfield code="1">0</subfield>
    <subfield code="4">0</subfield>
    <subfield code="7">0</subfield>
    <subfield code="a">BCEJYS</subfield>
    <subfield code="b">BCEJYS</subfield>
    <subfield code="c">17</subfield>
    <subfield code="d">1999-04-01</subfield>
    <subfield code="h">N&#xBA; 2 - abr. 1999</subfield>
    <subfield code="l">0</subfield>
    <subfield code="o">H338.43 LEC 2</subfield>
    <subfield code="p">R08891</subfield>
    <subfield code="r">2026-04-10 16:07:53</subfield>
    <subfield code="w">2026-04-10</subfield>
    <subfield code="y">RN</subfield>
  </datafield>
</record>
